| 000 | 00578nam a2200157Ia 4500 | ||
|---|---|---|---|
| 008 | 180921t2016 xxu||||| |||| 00| 0 sin d | ||
| 041 | _asin | ||
| 080 |
_a92 _bCHE |
||
| 245 | _aචීන ජාතික ගරු යේ චුඑන් මැතිදුන්ගේ ජන්ම සතසංවත්සර සැමරුම (1916 - 2016) | ||
| 246 | _aCheena Jatika Garu Ye Jun Matidunge Janma Shatha Sanwatsara Samaruma (1916 - 2016) | ||
| 260 |
_bGodage _aColombo _c2016 |
||
| 300 | _b44p, 25cm | ||
| 942 | _cBK | ||
| 999 |
_c1035 _d1035 |
||
| 003 | LK-CoDNM | ||
| 040 |
_aLK-CoDNM _dLK-CoDNM _eLK-CoDNM |
||